Valladolid (Record no. 69507)

MARC details
000 -LEADER
campo de control de longitud fija 00549nam a2200169 i 4500
001 - NÚMERO DE CONTROL
campo de control 69507
003 - IDENTIFICADOR DE NÚMERO DE CONTROL
campo de control ES-MaACL
005 - FECHA Y HORA DE LA ÚLTIMA TRANSACCIÓN
campo de control 20230906170533.0
007 - CAMPO FIJO DE DESCRIPCIÓN FÍSICA--INFORMACIÓN GENERAL
campo de control de longitud fija t|
008 - DATOS DE LONGITUD FIJA--INFORMACIÓN GENERAL
campo de control de longitud fija 040706s1958 sp ||||1| spa d
100 1# - ENTRADA PRINCIPAL--NOMBRE DE PERSONA
Nombre de persona García Chico, Esteban.
9 (RLIN) 54369
245 10 - MENCIÓN DEL TÍTULO
Título Valladolid
Resto del título : papeletas de historia y arte /
Mención de responsabilidad, etc. Esteban García Chico.
260 ## - PUBLICACIÓN, DISTRIBUCIÓN, ETC.
Lugar de publicación, distribución, etc. Valladolid :
Nombre del editor, distribuidor, etc. Ayuntamiento de Valladolid,
Fecha de publicación, distribución, etc. 1958 (
Fabricante Andrés Martín)
300 ## - DESCRIPCIÓN FÍSICA
Extensión 133 p., 80 lám. ;
Dimensiones 24 cm.
710 1# - ENTRADA AGREGADA--NOMBRE DE ENTIDAD CORPORATIVA
Nombre de entidad corporativa o nombre de jurisdicción como elemento de entrada Valladolid.
Unidad subordinada Ayuntamiento.
9 (RLIN) 7541
852 ## - LOCALIZACIÓN
Ubicación ES-MaACL
Número de control de estantería C-14576
Sublocalización o colección R.42325
Holdings
Estatus retirado Estado de pérdida Estado de daño No para préstamo Biblioteca de origen Biblioteca actual Ubicación en estantería Fecha de adquisición Fuente de adquisición Total de préstamos Signatura topográfica completa Código de barras Visto por última vez Precio de reemplazo Tipo de ítem Koha
        Biblioteca del Ateneo de Madrid Biblioteca del Ateneo de Madrid Ficheros 17/01/2008     C-14576 1072785 23/02/2023 23/02/2023 Libro impreso